000 00774nam a2200229 a 4500
001 000031410
005 20240502105558.0
008 110622t1966 dr 001 j spa d
040 _aDO-SdBNP
_bspa
_cBNPHU
082 _aRD863.44
_bD542c
100 1 _aDíaz Grullón, Virgilio,
_d1924-2001
_9501
245 1 0 _aCrónicas de Altocerro :
_bcuentos /
_cVirgilio Díaz Grullon; prólogo Carlos Curiel.
260 _aSanto Domingo :
_bEditora del Caribe,
_c1966.
300 _a109 p. ;
_c20 cm.
490 1 _aPensamiento Dominicano
650 0 _aCuentos dominicanos
_9176
650 0 _aLiteratura dominicana.
_967
700 1 _aCuriel, Carlos,
_d1916-
_epról.
_926171
830 0 _aPensamiento Dominicano
_919047
910 _aValidado. Control de calidad EMS.
049 _aBNPD
999 _c30902
_d30902